00241nam a2200097Ia 4500008004100000041000800041082001600049100001600065245003100081260003100112230627s9999 xx 000 0 und d amar a344.01bPAT aPatel D. A. aLaw Of Industrial Disputes aPunebHind Law Housec2004